00970nai a2200229Ia 4500003000900000008004100009022002200050022002300072040001600095245006400111260008600175310001400261362002800275521006900303650003400372650004300406650001900449856008800468942000700556999001700563952016000580IN-BaIIA211028c9999 xx s 000 0 eng d a1063-6528 (Print) a1558-0024 (Online) cIIA Library 0aIEEE Transactions on Rehabilitation Engineeringh[eJournal] aNew York, USAbThe Institute of Electrical and Electronics Engineers, Inc. (IEEE) aQuarterly a1(1); 1993 - 8(4); 2000 bSubscribed through National Knowledge Resource Consortium (NKRC) a Robotics and Control Systems a Signal Processing and Analysis948813 aBioengineering uhttps://ieeexplore.ieee.org/servlet/opac?punumber=86yClick Here to Access eJournal cEJ c34728d34728 00104070aBANbBANd2009-01-01eNKRCh1(1); 1993 - 8(4); 2000l0pEJ812r2021-11-05uhttps://ieeexplore.ieee.org/servlet/opac?punumber=86w2021-11-05yEJ